00334 a2200097 4500001001000000005001700010008004100027245010500068100002000173773004300193ART_2015020260410161625.0260409a 10aLa calificación de riesgo y los agentes de calificación de riesgo (ACR) en la nueva regulación1 aElespe, Douglas0 tEnfoquesg- Nº 10 (oct. 2013)wREV416